000 01167pab a2200157 454500
008 180718b1998 xxu||||| |||| 00| 0 eng d
100 _aAgranoff, Robert
245 _aPartnership in public management: rural enterprise alliance
260 _c1998
300 _ap.1533-575
362 _aNov
520 _aThis paper addresses public management implications of a certain form of network: the rural enterprise alliance, a formal nonmetropolitan partnership among producers, distributors, labor unions, employer associations, credit institutions, and government agencies. Six alliances are examined as examples of "bottom up" approaches to economic development. Organizing locally for global competition is bringing on more decentralized, flexible, yet comprehensive public management approaches, emphasizing demand programming, self-management, incentives and information, leverage and engagement, and de-differentiated structuring. Public managers must increasingly deal with challenges like those related to the emergence of alliances. - Reproduced
650 _aPublic administration
773 _aInternational Journal of Public Administration
909 _a38927
999 _c38927
_d38927